000 00449pab a2200169 454500
008 180718b2013 xxu||||| |||| 00| 0 eng d
100 _aChandra, Raghav
245 _aEnhancing effectiveness of PPP in infrastructure projects, in particular in the road sector
260 _c2013
300 _ap.14-30.
362 _aJan
650 _aRoads
650 _aPublic private partnerships
773 _aAdministrator
908 _aN
909 _a99395
999 _c99394
_d99394